| 000 | 02734cam a2200541Mc 4500 | ||
|---|---|---|---|
| 001 | u156605 | ||
| 003 | PE-LiUPU | ||
| 005 | 20250731183341.0 | ||
| 008 | 160504s2015 sp a 001 0 spa d | ||
| 020 | _a8425228697 | ||
| 020 | _a9788425228698 | ||
| 035 | _a(Sirsi) i9788425228698 | ||
| 040 |
_aPE-LiUPU _bspa _cPE-LiUPU _erda |
||
| 041 | 1 |
_aspa _heng |
|
| 049 | _aPRUA | ||
| 082 | 0 | 4 |
_a741.5 _bC554 2015 |
| 082 | 0 | 4 |
_a741.5 _bC554 _220 |
| 100 | 1 |
_aChing, Francis, _d1943- , _eautor. |
|
| 245 | 1 | 0 |
_aArquitectura : _bforma, espacio y orden / _cFrancis D.K. Ching. |
| 250 | _aCuarta edición ampliada. | ||
| 264 |
_aBarcelona : _bGustavo Gili, _c2015. |
||
| 300 |
_aXIII, 446 páginas : _bilustraciones ; _c31 centímetros. |
||
| 336 |
_atext _2rdacontent |
||
| 337 |
_aunmediated _2rdamedia |
||
| 338 |
_avolume _2rdacarrier |
||
| 504 | _aÍndices : páginas 433-446. | ||
| 505 | _aElementos primarios -- Forma -- Forma y espacio -- Organización -- Circulación -- Proporción y escala -- Principios. | ||
| 526 | _aP158 | ||
| 526 | _aP146 | ||
| 526 | _aP17 | ||
| 526 | _aP12 | ||
| 526 | _aP06 | ||
| 534 |
_pTítulo original : _tArchitecture. Form, Space, and Order. |
||
| 541 | _g048-0005626; | ||
| 541 | _g0020-0000433; | ||
| 596 | _a1 2 3 | ||
| 650 | 1 | 7 |
_aArquitectura _xComposición _2embne |
| 650 | 2 | 7 |
_aEspacio (Arquitectura) _2embne |
| 942 |
_2ddc _cBOOK |
||
| 994 |
_aC0 _bPEPRU |
||
| 949 |
_a741.5 C554 2015 _wDEWEY _c1 _iFT03265 _lCCODEBUT1 _mBUT _p51.91 _r0 _sY _tBOOK _u2017-10-10 _xINGENIERIA _PP06 _0COMPRA _o.STAFF. Colección General |
||
| 949 |
_a741.5 C554 _wDEWEY _c1 _i72931 _d2018-5-30 _e2018-5-30 _f2018-2-12 _g3 _kCHECKEDOUT _lCCODEBUL1 _mBUL _n14 _q3 _rM _sY _tBOOK _u2016-5-4 _xINGENIERIA _PP06 _0COMPRA _o.STAFF. Colecci©đn General |
||
| 949 |
_a741.5 CH554 2015 _wDEWEY _c1 _iFJ06740 _d2017-12-1 _f2017-12-28 _g1 _lCCODEBUJ1 _mBUJ _p65.54 _q3 _r0 _sY _tBOOK _u2017-2-13 _xINGENIERIA _PP25 _0COMPRA _o.STAFF. Colección General Juliaca |
||
| 999 |
_a741.5 C554 _wDEWEY _c9259 _i72931 _d9259 _e2022-5-2 _f2021-11-10 _g6 _lCCODEBUL1 _mBUL _n30 _q5 _r0 _sY _tBOOK _u2016-5-4 _xINGENIERIA _PP06 _0COMPRA _o.STAFF. Colecci©đn General |
||
| 999 |
_a741.5 CH554 2015 _wDEWEY _c1 _iFJ06740 _d2019-10-9 _e2019-10-3 _f2022-2-1 _g3 _lCCODEBUJ1 _mBUJ _n3 _p65.54 _q6 _r0 _sY _tBOOK _u2017-2-13 _xINGENIERIA _PP25 _0COMPRA _o.STAFF. Colección General Juliaca |
||
| 999 |
_a741.5 C554 2015 _wDEWEY _c1 _iFT03265 _d2022-4-13 _e2022-4-6 _f2019-2-20 _g1 _lCCODEBUT1 _mBUT _n10 _p51.91 _r0 _sY _tBOOK _u2017-10-10 _xINGENIERIA _PP06 _0COMPRA _o.STAFF. Colección General |
||
| 980 |
_81 _gALBERTO SANCHEZ Responsable de Automatización |
||